| 000 | 00333nam a22001217a 4500 | ||
|---|---|---|---|
| 020 | _a9788120326705 | ||
| 082 |
_a624.15136 _bPRA/FU |
||
| 100 | _aPrasad, Bharat Bhushan | ||
| 245 | _aFundamentals of soil dynamics and earthquake engineering | ||
| 260 |
_aNew Delhi _bPHI Learning Private Limited _c2011 |
||
| 300 | _a566p | ||
| 942 | _cBK | ||
| 999 |
_c13771 _d13771 |
||